Purchasing and supply chain management / (Record no. 9003)
[ view plain ]
| 000 -LEADER | |
|---|---|
| fixed length control field | 01685cam a2200433 i 4500 |
| 001 - CONTROL NUMBER | |
| control field | 18288612 |
| 003 - CONTROL NUMBER IDENTIFIER | |
| control field | OSt |
| 005 - DATE AND TIME OF LATEST TRANSACTION | |
| control field | 20220609140342.0 |
| 008 - FIXED-LENGTH DATA ELEMENTS--GENERAL INFORMATION | |
| fixed length control field | 140903s2016 maua b 001 0 eng d |
| 010 ## - LIBRARY OF CONGRESS CONTROL NUMBER | |
| LC control number | 2014950274 |
| 020 ## - INTERNATIONAL STANDARD BOOK NUMBER | |
| International Standard Book Number | 1285869680 (Student edition) |
| 020 ## - INTERNATIONAL STANDARD BOOK NUMBER | |
| International Standard Book Number | 9781285869681 (Student edition) |
| 035 ## - SYSTEM CONTROL NUMBER | |
| System control number | (OCoLC)ocn884617420 |
| 040 ## - CATALOGING SOURCE | |
| Original cataloging agency | YDXCP |
| Language of cataloging | eng |
| Transcribing agency | YDXCP |
| Modifying agency | BTCTA |
| Description conventions | rda |
| Modifying agency | NRC |
| -- | OCLCF |
| -- | DLC |
| 042 ## - AUTHENTICATION CODE | |
| Authentication code | lccopycat |
| 050 00 - LIBRARY OF CONGRESS CALL NUMBER | |
| Classification number | HF5437 |
| Item number | .M648 2016 |
| 082 00 - DEWEY DECIMAL CLASSIFICATION NUMBER | |
| Classification number | 658.7 |
| Edition number | 23 |
| 245 00 - TITLE STATEMENT | |
| Title | Purchasing and supply chain management / |
| Statement of responsibility, etc. | Robert M. Monczka, Robert B. Handfield, Larry C. Giunipero, James L. Patterson . |
| 250 ## - EDITION STATEMENT | |
| Edition statement | Sixth edition. |
| 264 #1 - PRODUCTION, PUBLICATION, DISTRIBUTION, MANUFACTURE, AND COPYRIGHT NOTICE | |
| Place of production, publication, distribution, manufacture | Boston, MA : |
| Name of producer, publisher, distributor, manufacturer | Cengage Learning, |
| Date of production, publication, distribution, manufacture, or copyright notice | [2016] |
| 300 ## - PHYSICAL DESCRIPTION | |
| Extent | xxx, 858 pages : |
| Other physical details | illustrations ; |
| Dimensions | 26 cm |
| 336 ## - CONTENT TYPE | |
| Content type term | text |
| Content type code | txt |
| Source | rdacontent |
| 337 ## - MEDIA TYPE | |
| Media type term | unmediated |
| Media type code | n |
| Source | rdamedia |
| 338 ## - CARRIER TYPE | |
| Carrier type term | volume |
| Carrier type code | nc |
| Source | rdacarrier |
| 500 ## - GENERAL NOTE | |
| General note | Includes bibliographical references and index. |
| 505 ## - FORMATTED CONTENTS NOTE | |
| Formatted contents note | Contents: Introduction -- Purchasing operations and structure -- Strategic sourcing -- Strategic sourcing process -- Critical supply chain elements -- Future directions. |
| 650 #0 - SUBJECT ADDED ENTRY--TOPICAL TERM | |
| Topical term or geographic name entry element | Purchasing. |
| 650 #0 - SUBJECT ADDED ENTRY--TOPICAL TERM | |
| Topical term or geographic name entry element | Industrial management. |
| 650 #7 - SUBJECT ADDED ENTRY--TOPICAL TERM | |
| Topical term or geographic name entry element | Industrial management. |
| Source of heading or term | fast |
| Authority record control number or standard number | (OCoLC)fst00971246 |
| 650 #7 - SUBJECT ADDED ENTRY--TOPICAL TERM | |
| Topical term or geographic name entry element | Purchasing. |
| Source of heading or term | fast |
| Authority record control number or standard number | (OCoLC)fst01084263 |
| 700 1# - ADDED ENTRY--PERSONAL NAME | |
| Personal name | Monczka, Robert M., |
| Relator term | author. |
| 700 1# - ADDED ENTRY--PERSONAL NAME | |
| Personal name | Handfield, Robert B., |
| Relator term | author. |
| 700 1# - ADDED ENTRY--PERSONAL NAME | |
| Personal name | Giunipero, Larry Carl, |
| Relator term | author. |
| 700 1# - ADDED ENTRY--PERSONAL NAME | |
| Personal name | Patterson, James L., |
| Relator term | author. |
| 906 ## - LOCAL DATA ELEMENT F, LDF (RLIN) | |
| a | 7 |
| b | cbc |
| c | copycat |
| d | 2 |
| e | ncip |
| f | 20 |
| g | y-gencatlg |
| 942 ## - ADDED ENTRY ELEMENTS (KOHA) | |
| Source of classification or shelving scheme | Library of Congress Classification |
| Koha item type | Books |
| Withdrawn status | Lost status | Source of classification or shelving scheme | Damaged status | Not for loan | Home library | Current library | Shelving location | Date acquired | Total Checkouts | Full call number | Barcode | Date last seen | Copy number | Price effective from | Koha item type |
|---|---|---|---|---|---|---|---|---|---|---|---|---|---|---|---|
| Library of Congress Classification | WISCONSIN INTERNATIONAL UNIVERSITY COLLEGE, GHANA - MAIN LIBRARY | WISCONSIN INTERNATIONAL UNIVERSITY COLLEGE, GHANA - MAIN LIBRARY | Reference | 09/06/2022 | HF5437.M648(6e) | 9191/640/22 | 09/06/2022 | 1 | 09/06/2022 | Books | |||||
| Library of Congress Classification | WISCONSIN INTERNATIONAL UNIVERSITY COLLEGE, GHANA - MAIN LIBRARY | WISCONSIN INTERNATIONAL UNIVERSITY COLLEGE, GHANA - MAIN LIBRARY | Reference | 09/06/2022 | HF5437.M6481(6e) | 9192/641/22 | 09/06/2022 | 2 | 09/06/2022 | Books | |||||
| Library of Congress Classification | WISCONSIN INTERNATIONAL UNIVERSITY COLLEGE, GHANA - MAIN LIBRARY | WISCONSIN INTERNATIONAL UNIVERSITY COLLEGE, GHANA - MAIN LIBRARY | Reference | 09/06/2022 | HF5437.M6481(6e) | 9193/642/22 | 09/06/2022 | 3 | 09/06/2022 | Books | |||||
| Library of Congress Classification | WISCONSIN INTERNATIONAL UNIVERSITY COLLEGE, GHANA - MAIN LIBRARY | WISCONSIN INTERNATIONAL UNIVERSITY COLLEGE, GHANA - MAIN LIBRARY | Reference | 09/06/2022 | HF5437.M6481(6e) | 9194/643/22 | 09/06/2022 | 4 | 09/06/2022 | Books |
